000 00480nam a22001937a 4500
005 20260515164542.0
008 260515b |||||||| |||| 00| 0 eng d
020 _a9781447166382
_c5290.94
040 _aMAIN
041 _aEnglish
082 _a004
_bZOB
100 _aZobel, Justin
_913602
245 _aWriting for Computer Science
250 _a3rd
260 _aNew York
_bSpringer
_c2014
300 _a284
650 _aComputer Science (PM (USHA)
_926808
942 _cBK
999 _c60818
_d60818